000 00915nam a2200241 a 4500
005 20160215111804.0
008 140312t2000 ck ||||gr|||| 00| 0 spa d
040 _aCO-BoIAVH
_cCO-BoIAVH
041 _aspa
044 _ack
082 0 4 _a333.7071
_bU58t
110 2 _bUniversidad Nacional de Colombia
_bDivisión de Investigación
245 1 _aTemas ambientales a través del pensamiento complejo
_bprograma universitario de investigación cultural y medio ambiente
260 _aBogotá
_bUniversidad Nacional de Colombia
_bDivisión de Investigación
_bIDEA
_c2000
300 _a59 paginas.
_c23 x 16 cm
650 6 _aMedio Ambiente
650 4 _aPensamiento complejo
650 4 _aEducación
650 4 _aDerecho ambiental
710 _a^aUniversidad Nacional de Colombia^dInstituto de Estudios Ambientales^sIDEA
942 _cLIBRO
_2ddc
945 _d2004-07-01
999 _c3944
_d3944